000 00698nam a2200193 a 4500
008 100727s2007 ||||||||||||||||| || u
020 _a9780230525368
050 _aTH 2025 Mac
100 _aMcMullan, Runadall
245 1 0 _aEnvironmental science in building. (6th ed.)
_cby Randall Mcmullan
250 _a6th ed.
260 _aLondon:
_bPlagrave MacMillan
_c2007
300 _aix, 390p.: ill.
350 _a0.00
500 _aIncludes Index
650 _aBUILDING
650 _aBUILDING SCIENCE--ENVIRONMENTAL ASPECTS
995 _D0.00
_FCBU-MAIN LIBRARY (Kitwe)
_H1
_I0.00
_M1
_UAVAILABLE
_WAug 26, 2010
_ZMain Library Open Access Collection
999 _c42283
_d42283